[Event "PMPJ 2022 - C17"]
[Site "Jastrzebia Gora"]
[Date "2022.11.10"]
[Round "7.9"]
[White "Dysko, Michal"]
[Black "Bednarczyk, Mateusz"]
[Result "1/2-1/2"]
[BlackElo "1756"]
[WhiteElo "1554"]
[LiveChessVersion "1.4.8"]

1. e4 {[%clk 1:30:53]} c5 {[%clk 1:30:56]} 2. Nf3 {[%clk 1:31:08]} Nc6
{[%clk 1:31:07]} 3. d4 {[%clk 1:31:19]} cxd4 {[%clk 1:31:31]} 4. Nxd4
{[%clk 1:31:39]} Nf6 {[%clk 1:31:54]} 5. Nc3 {[%clk 1:32:03]} d6 {[%clk 1:32:20]}
6. Bg5 {[%clk 1:32:14]} e6 {[%clk 1:32:24]} 7. Qd2 {[%clk 1:32:12]} Be7
{[%clk 1:32:48]} 8. O-O-O {[%clk 1:32:18]} a6 {[%clk 1:33:15]} 9. f3
{[%clk 1:32:00]} Bd7 {[%clk 1:32:41]} 10. Be3 {[%clk 1:32:19]} b5
{[%clk 1:28:52]} 11. g4 {[%clk 1:30:29]} Rc8 {[%clk 1:15:06]} 12. g5
{[%clk 1:29:13]} Ng8 {[%clk 1:13:49]} 13. Nxc6 {[%clk 1:26:46]} Bxc6
{[%clk 1:10:18]} 14. h4 {[%clk 1:26:17]} Qa5 {[%clk 1:06:34]} 15. Kb1
{[%clk 1:25:11]} b4 {[%clk 1:05:49]} 16. Ne2 {[%clk 1:25:02]} d5 {[%clk 0:58:34]}
17. Nd4 {[%clk 1:19:07]} Bb7 {[%clk 0:56:03]} 18. e5 {[%clk 1:16:13]} Qc7
{[%clk 0:51:22]} 19. Rh2 {[%clk 1:11:30]} Bc5 {[%clk 0:46:24]} 20. f4
{[%clk 1:09:21]} Ne7 {[%clk 0:44:42]} 21. Bh3 {[%clk 1:08:54]} Qb6
{[%clk 0:41:07]} 22. f5 {[%clk 0:56:57]} exf5 {[%clk 0:33:12]} 23. Nxf5
{[%clk 0:47:49]} Nxf5 {[%clk 0:33:04]} 24. Bxc5 {[%clk 0:48:10]} Rxc5
{[%clk 0:32:54]} 25. Bxf5 {[%clk 0:48:10]} Ke7 {[%clk 0:30:41]} 26. h5
{[%clk 0:41:54]} Bc8 {[%clk 0:27:25]} 27. Qf4 {[%clk 0:32:48]} Bxf5
{[%clk 0:20:39]} 28. Qxf5 {[%clk 0:33:16]} Qe6 {[%clk 0:21:00]} 29. Qf4
{[%clk 0:30:36]} Rc4 {[%clk 0:18:33]} 30. Rd4 {[%clk 0:28:12]} Qb6
{[%clk 0:12:47]} 31. Rhd2 {[%clk 0:26:06]} a5 {[%clk 0:10:33]} 32. b3 1/2-1/2

[Event "PMPJ 2022 - C17"]
[Site "Jastrzebia Gora"]
[Date "2022.11.10"]
[Round "7.10"]
[White "Bem, Tymoteusz"]
[Black "Rychlik, Michal"]
[Result "1-0"]
[BlackElo "1604"]
[WhiteElo "1652"]
[LiveChessVersion "1.4.8"]

1. d4 {[%clk 1:28:53]} Nf6 {[%clk 1:30:49]} 2. c4 {[%clk 1:29:17]} c5
{[%clk 1:31:15]} 3. d5 {[%clk 1:29:39]} b5 {[%clk 1:31:41]} 4. Qc2
{[%clk 1:29:28]} g6 {[%clk 1:22:17]} 5. e4 {[%clk 1:29:32]} bxc4 {[%clk 1:21:03]}
6. Bxc4 {[%clk 1:29:54]} d6 {[%clk 1:20:56]} 7. Nf3 {[%clk 1:29:29]} Bg7
{[%clk 1:21:07]} 8. O-O {[%clk 1:29:13]} O-O {[%clk 1:21:32]} 9. h3
{[%clk 1:28:47]} Nbd7 {[%clk 1:20:31]} 10. Nbd2 {[%clk 1:28:01]} Nb6
{[%clk 1:19:11]} 11. Rb1 {[%clk 1:26:10]} a5 {[%clk 1:18:42]} 12. b3
{[%clk 1:24:11]} a4 {[%clk 1:18:31]} 13. Re1 {[%clk 1:17:24]} axb3
{[%clk 1:17:12]} 14. axb3 {[%clk 1:17:25]} Nxc4 {[%clk 1:05:30]} 15. Nxc4
{[%clk 1:17:12]} e6 {[%clk 1:05:06]} 16. dxe6 {[%clk 1:09:46]} Bxe6
{[%clk 1:05:31]} 17. Bf4 {[%clk 1:05:37]} d5 {[%clk 1:00:03]} 18. Rbd1
{[%clk 1:02:50]} Ra6 {[%clk 0:54:58]} 19. exd5 Nxd5 {[%clk 0:52:01]} 20. Ne3
{[%clk 0:43:17]} Qa8 {[%clk 0:47:27]} 21. Be5 {[%clk 0:37:22]} Rc8
{[%clk 0:35:45]} 22. Bxg7 {[%clk 0:33:38]} Kxg7 {[%clk 0:35:54]} 23. Qb2+
{[%clk 0:32:02]} Kg8 {[%clk 0:36:02]} 24. Qe5 {[%clk 0:20:47]} f6
{[%clk 0:34:42]} 25. Qb2 {[%clk 0:18:09]} Ra2 {[%clk 0:33:22]} 26. Qc1
{[%clk 0:18:19]} Nf4 {[%clk 0:32:23]} 27. Ng4 {[%clk 0:15:28]} Nxh3+
{[%clk 0:30:45]} 28. gxh3 {[%clk 0:14:55]} Bxg4 {[%clk 0:29:27]} 29. Qc4+
{[%clk 0:14:55]} 1-0

[Event "PMPJ 2022 - C17"]
[Site "Jastrzebia Gora"]
[Date "2022.11.10"]
[Round "7.11"]
[White "Raba, Bartosz"]
[Black "Mocko, Maciej"]
[Result "0-1"]
[BlackElo "1572"]
[WhiteElo "1896"]
[LiveChessVersion "1.4.8"]

1. e4 {[%clk 1:30:09]} c5 {[%clk 1:30:46]} 2. c3 {[%clk 1:29:36]} Nf6
{[%clk 1:31:09]} 3. e5 {[%clk 1:29:27]} Nd5 {[%clk 1:31:31]} 4. d4
{[%clk 1:28:35]} d6 {[%clk 1:30:46]} 5. Nf3 {[%clk 1:27:00]} Nc6 {[%clk 1:28:06]}
6. Bc4 {[%clk 1:16:46]} Nb6 {[%clk 1:27:41]} 7. Bb5 {[%clk 1:14:43]} cxd4
{[%clk 1:24:03]} 8. Nxd4 {[%clk 1:13:42]} dxe5 {[%clk 1:22:22]} 9. Nxc6
{[%clk 1:05:28]} Qxd1+ {[%clk 1:22:48]} 10. Kxd1 {[%clk 1:05:49]} a6
{[%clk 1:23:13]} 11. Nxe7+ {[%clk 1:05:48]} Kxe7 {[%clk 1:15:53]} 12. Bd3
{[%clk 1:03:41]} Be6 {[%clk 1:14:12]} 13. Re1 {[%clk 1:02:27]} f6
{[%clk 1:12:50]} 14. f4 {[%clk 1:01:47]} Rd8 {[%clk 1:11:06]} 15. Kc2
{[%clk 1:01:54]} Nd7 {[%clk 1:09:47]} 16. Nd2 {[%clk 0:54:43]} Nc5
{[%clk 0:57:05]} 17. Bc4 {[%clk 0:47:11]} Rxd2+ {[%clk 0:54:13]} 18. Bxd2
{[%clk 0:44:57]} Bxc4 {[%clk 0:54:37]} 19. fxe5 {[%clk 0:43:58]} Bd3+
{[%clk 0:53:43]} 20. Kd1 {[%clk 0:41:20]} f5 {[%clk 0:53:21]} 21. Be3
{[%clk 0:37:43]} Ke6 {[%clk 0:52:23]} 22. Kd2 {[%clk 0:37:13]} Be4
{[%clk 0:52:22]} 23. g4 {[%clk 0:34:45]} g6 {[%clk 0:50:46]} 24. gxf5+
{[%clk 0:32:35]} gxf5 {[%clk 0:51:12]} 25. Rg1 {[%clk 0:31:37]} Nd3
{[%clk 0:50:49]} 26. b4 {[%clk 0:31:14]} Nxe5 {[%clk 0:50:31]} 27. Bd4
{[%clk 0:31:00]} Nf3+ {[%clk 0:49:44]} 28. Ke2 {[%clk 0:29:50]} Nxd4+
{[%clk 0:49:54]} 29. cxd4 {[%clk 0:30:19]} Bxb4 {[%clk 0:49:56]} 30. Rg7
{[%clk 0:30:27]} Rc8 {[%clk 0:49:39]} 31. Rxh7 {[%clk 0:29:30]} Rc2+
{[%clk 0:50:01]} 32. Kd1 {[%clk 0:28:27]} Bc3 {[%clk 0:49:51]} 33. d5+
{[%clk 0:22:17]} Kd6 {[%clk 0:49:08]} 34. Rh6+ Kxd5 {[%clk 0:49:07]} 35. Rc1
{[%clk 0:22:25]} Rd2+ {[%clk 0:49:26]} 36. Ke1 {[%clk 0:22:50]} Rxh2+
{[%clk 0:49:45]} 0-1

[Event "PMPJ 2022 - C17"]
[Site "Jastrzebia Gora"]
[Date "2022.11.10"]
[Round "7.12"]
[White "Jozefik, Aleksander"]
[Black "Skrzypczynski, Kacper"]
[Result "0-1"]
[BlackElo "1894"]
[WhiteElo "1616"]
[LiveChessVersion "1.4.8"]

1. e4 {[%clk 1:30:58]} d6 {[%clk 1:30:40]} 2. d4 {[%clk 1:31:12]} Nf6
{[%clk 1:30:58]} 3. Nc3 {[%clk 1:31:27]} e5 {[%clk 1:31:23]} 4. Nf3
{[%clk 1:31:45]} Nbd7 {[%clk 1:31:46]} 5. Bc4 {[%clk 1:31:47]} Be7
{[%clk 1:32:11]} 6. a4 {[%clk 1:32:01]} O-O {[%clk 1:32:10]} 7. O-O
{[%clk 1:32:10]} h6 {[%clk 1:31:16]} 8. h3 {[%clk 1:32:01]} exd4 {[%clk 1:30:30]}
9. Nxd4 {[%clk 1:28:27]} Ne5 {[%clk 1:28:41]} 10. Ba2 {[%clk 1:26:29]} Re8
{[%clk 1:28:58]} 11. Re1 {[%clk 1:25:46]} Bf8 {[%clk 1:28:54]} 12. Bf4
{[%clk 1:23:48]} Ned7 {[%clk 1:25:16]} 13. Qe2 {[%clk 1:15:46]} Nc5
{[%clk 1:23:42]} 14. Qc4 {[%clk 1:14:21]} Ne6 {[%clk 1:23:56]} 15. Bh2
{[%clk 1:11:45]} Nxd4 {[%clk 1:22:47]} 16. Qxd4 {[%clk 1:12:04]} Be6
{[%clk 1:23:09]} 17. Bxe6 {[%clk 1:05:33]} Rxe6 {[%clk 1:23:20]} 18. Rad1
{[%clk 1:05:25]} Qe8 {[%clk 1:19:00]} 19. f3 {[%clk 0:52:58]} Qc6
{[%clk 1:17:48]} 20. Kh1 {[%clk 0:51:23]} a6 {[%clk 1:18:08]} 21. Re2
{[%clk 0:44:29]} g6 {[%clk 1:14:20]} 22. Rde1 {[%clk 0:36:44]} Bg7
{[%clk 1:14:38]} 23. Qd3 {[%clk 0:36:51]} Nd7 {[%clk 1:11:37]} 24. Nd5
{[%clk 0:21:54]} Nc5 {[%clk 1:09:41]} 25. Qa3 {[%clk 0:21:29]} Nxa4
{[%clk 1:03:10]} 26. Nxc7 {[%clk 0:20:37]} Qxc7 {[%clk 1:03:35]} 27. Qxa4
{[%clk 0:21:02]} Bxb2 {[%clk 1:03:55]} 28. Rb1 {[%clk 0:19:28]} b5
{[%clk 1:03:55]} 29. Qa2 {[%clk 0:19:23]} Bc3 {[%clk 1:04:19]} 30. Rxb5
{[%clk 0:19:09]} axb5 {[%clk 1:01:34]} 31. Qxa8+ {[%clk 0:19:31]} Kg7
{[%clk 1:01:15]} 32. Qd5 {[%clk 0:15:11]} Qc4 {[%clk 1:00:37]} 33. Qxc4
{[%clk 0:12:18]} bxc4 {[%clk 1:01:01]} 34. g4 {[%clk 0:09:46]} d5
{[%clk 1:01:15]} 35. Kg2 {[%clk 0:09:16]} d4 {[%clk 1:01:39]} 36. Bf4
{[%clk 0:08:10]} Ra6 {[%clk 0:57:10]} 37. Bd2 {[%clk 0:06:39]} Bb2
{[%clk 0:57:31]} 38. Re1 {[%clk 0:04:34]} Ra2 {[%clk 0:57:53]} 39. Kf1
{[%clk 0:04:08]} Ba3 {[%clk 0:54:43]} 40. Bf4 {[%clk 0:04:05]} Bb2
{[%clk 0:42:51]} 41. Re2 {[%clk 0:02:49]} Bc3 {[%clk 0:43:04]} 42. Rf2
{[%clk 0:01:10]} g5 {[%clk 0:43:01]} 43. Bd2 {[%clk 0:00:35]} Rxc2
{[%clk 0:43:16]} 44. Bxc3 {[%clk 0:00:55]} Rxc3 {[%clk 0:43:39]} 45. Ke1
{[%clk 0:00:43]} Rc1+ {[%clk 0:43:59]} 46. Kd2 {[%clk 0:01:08]} Ra1
{[%clk 0:44:25]} 47. Re2 {[%clk 0:00:59]} Ra2+ {[%clk 0:44:47]} 48. Ke1
{[%clk 0:01:26]} Rxe2+ {[%clk 0:45:13]} 49. Kxe2 {[%clk 0:01:53]} Kf6
{[%clk 0:45:39]} 0-1

[Event "PMPJ 2022 - C17"]
[Site "Jastrzebia Gora"]
[Date "2022.11.10"]
[Round "7.13"]
[White "Kulig, Pawel"]
[Black "Witkowski, Jedrzej"]
[Result "1-0"]
[BlackElo "1463"]
[WhiteElo "1887"]
[LiveChessVersion "1.4.8"]

1. d4 {[%clk 1:30:57]} Nf6 {[%clk 1:30:51]} 2. Nf3 {[%clk 1:31:20]} g6
{[%clk 1:31:05]} 3. c4 {[%clk 1:31:40]} Bg7 {[%clk 1:31:28]} 4. Nc3
{[%clk 1:32:06]} O-O {[%clk 1:31:43]} 5. e4 {[%clk 1:32:31]} d6 {[%clk 1:31:55]}
6. Be2 {[%clk 1:32:05]} Nbd7 {[%clk 1:31:41]} 7. O-O {[%clk 1:32:15]} e5
{[%clk 1:31:39]} 8. Be3 {[%clk 1:30:52]} Qe7 {[%clk 1:31:44]} 9. Qc2
{[%clk 1:30:20]} c6 {[%clk 1:32:07]} 10. d5 {[%clk 1:24:32]} c5 {[%clk 1:29:49]}
11. a3 {[%clk 1:24:51]} h6 {[%clk 1:27:17]} 12. Nd2 {[%clk 1:24:21]} Nh7
{[%clk 1:19:23]} 13. b4 {[%clk 1:23:04]} b6 {[%clk 1:15:53]} 14. Rfb1
{[%clk 1:22:25]} f5 {[%clk 1:13:35]} 15. f3 {[%clk 1:22:22]} f4 {[%clk 1:13:20]}
16. Bf2 {[%clk 1:22:47]} g5 {[%clk 1:12:06]} 17. a4 {[%clk 1:21:50]} Ndf6
{[%clk 1:08:57]} 18. a5 {[%clk 1:21:36]} cxb4 {[%clk 1:01:32]} 19. Rxb4
{[%clk 1:21:45]} bxa5 {[%clk 1:01:26]} 20. Rxa5 {[%clk 1:21:45]} Qc7
{[%clk 0:59:03]} 21. Qa2 {[%clk 1:21:08]} a6 {[%clk 0:53:11]} 22. c5
{[%clk 1:19:30]} dxc5 {[%clk 0:50:40]} 23. d6+ {[%clk 1:18:37]} Qf7
{[%clk 0:50:49]} 24. Bc4 {[%clk 1:18:44]} Be6 {[%clk 0:51:09]} 25. Bxe6
{[%clk 1:19:05]} 1-0

[Event "PMPJ 2022 - C17"]
[Site "Jastrzebia Gora"]
[Date "2022.11.10"]
[Round "7.14"]
[White "Kietrys, Maciej"]
[Black "Choina, Jan"]
[Result "1-0"]
[BlackElo "1554"]
[WhiteElo "1847"]
[LiveChessVersion "1.4.8"]

1. e4 {[%clk 1:30:57]} c5 {[%clk 1:30:53]} 2. Nc3 {[%clk 1:30:58]} e6
{[%clk 1:31:03]} 3. g3 {[%clk 1:31:03]} Nc6 {[%clk 1:31:14]} 4. Bg2
{[%clk 1:31:22]} g6 {[%clk 1:31:01]} 5. d3 {[%clk 1:31:48]} Bg7 {[%clk 1:30:53]}
6. Be3 {[%clk 1:32:12]} d6 {[%clk 1:31:02]} 7. Qd2 {[%clk 1:31:58]} Nge7
{[%clk 1:30:16]} 8. Bh6 {[%clk 1:32:05]} O-O {[%clk 1:29:12]} 9. h4
{[%clk 1:32:09]} Bxh6 {[%clk 1:27:40]} 10. Qxh6 {[%clk 1:32:29]} f6
{[%clk 1:27:51]} 11. Nf3 {[%clk 1:29:17]} Rf7 {[%clk 1:25:26]} 12. Nd1
{[%clk 1:25:28]} Kh8 {[%clk 1:22:01]} 13. Qd2 {[%clk 1:24:48]} Bd7
{[%clk 1:11:03]} 14. Ne3 {[%clk 1:24:31]} e5 {[%clk 1:08:38]} 15. c3
{[%clk 1:22:33]} Rb8 {[%clk 1:04:16]} 16. O-O {[%clk 1:22:13]} b5
{[%clk 1:01:37]} 17. d4 {[%clk 1:20:22]} Rf8 {[%clk 0:54:35]} 18. b3
{[%clk 1:17:35]} cxd4 {[%clk 0:53:38]} 19. cxd4 {[%clk 1:16:34]} Qa5
{[%clk 0:52:09]} 20. Rad1 {[%clk 1:15:46]} Rbd8 {[%clk 0:49:23]} 21. Qxa5
{[%clk 1:15:14]} Nxa5 {[%clk 0:49:47]} 22. dxe5 {[%clk 1:15:38]} dxe5
{[%clk 0:49:41]} 23. Ne1 {[%clk 1:13:30]} Nac6 {[%clk 0:42:27]} 24. N1c2
{[%clk 1:13:22]} Bc8 {[%clk 0:39:51]} 25. Nd5 {[%clk 1:10:18]} Kg7
{[%clk 0:37:28]} 26. f4 {[%clk 1:08:13]} exf4 {[%clk 0:31:13]} 27. gxf4
{[%clk 1:03:41]} Nxd5 {[%clk 0:27:21]} 28. exd5 {[%clk 1:04:02]} Ne7
{[%clk 0:23:07]} 29. Rfe1 {[%clk 1:03:09]} Nf5 {[%clk 0:21:35]} 30. Nd4
{[%clk 1:02:44]} Nxh4 {[%clk 0:19:17]} 31. Nxb5 {[%clk 1:02:21]} Rf7
{[%clk 0:14:24]} 32. Bh1 {[%clk 0:59:29]} Bg4 {[%clk 0:12:20]} 33. Rd3
{[%clk 0:58:55]} Nf5 {[%clk 0:11:31]} 34. Nd4 {[%clk 0:57:13]} Nxd4
{[%clk 0:10:56]} 35. Rxd4 {[%clk 0:57:39]} Rd6 {[%clk 0:10:59]} 36. Rc4
{[%clk 0:57:48]} Rfd7 {[%clk 0:08:32]} 37. a4 {[%clk 0:55:55]} Bf5
{[%clk 0:08:08]} 38. Re3 {[%clk 0:55:04]} Kf7 {[%clk 0:08:18]} 39. b4
{[%clk 0:52:58]} Re7 {[%clk 0:08:13]} 40. Kf2 {[%clk 0:52:58]} h5
{[%clk 0:07:56]} 41. b5 {[%clk 0:51:55]} h4 {[%clk 0:07:28]} 42. a5
{[%clk 0:51:37]} Rxe3 {[%clk 0:04:39]} 43. Kxe3 {[%clk 0:52:03]} g5
{[%clk 0:04:36]} 44. fxg5 {[%clk 0:51:23]} fxg5 {[%clk 0:05:05]} 45. Kd4
{[%clk 0:50:00]} Ke7 {[%clk 0:02:46]} 46. Ke5 {[%clk 0:42:00]} Bh3
{[%clk 0:02:22]} 47. Rc7+ {[%clk 0:31:55]} Rd7 {[%clk 0:02:51]} 48. d6+
{[%clk 0:31:05]} Kd8 {[%clk 0:03:21]} 49. b6 {[%clk 0:30:54]} axb6
{[%clk 0:01:31]} 50. a6 {[%clk 0:30:26]} Rxc7 {[%clk 0:00:39]} 51. dxc7+
{[%clk 0:30:52]} Kxc7 {[%clk 0:00:38]} 52. a7 {[%clk 0:31:17]} 1-0

[Event "PMPJ 2022 - C17"]
[Site "Jastrzebia Gora"]
[Date "2022.11.10"]
[Round "7.15"]
[White "Wesolek, Krzysztof"]
[Black "Kaczmarek, Jan"]
[Result "1-0"]
[BlackElo "1786"]
[WhiteElo "1667"]
[LiveChessVersion "1.4.8"]

1. e4 {[%clk 1:30:58]} e6 {[%clk 1:30:38]} 2. d4 {[%clk 1:26:25]} d5
{[%clk 1:30:59]} 3. Bd3 {[%clk 1:26:44]} dxe4 {[%clk 1:31:00]} 4. Bxe4
{[%clk 1:27:09]} Nf6 {[%clk 1:31:16]} 5. Bf3 {[%clk 1:27:06]} c5 {[%clk 1:25:57]}
6. Ne2 {[%clk 1:09:15]} Nc6 {[%clk 1:26:00]} 7. c3 {[%clk 1:09:23]} Nd5
{[%clk 1:20:54]} 8. O-O {[%clk 1:09:11]} cxd4 {[%clk 1:18:55]} 9. Nxd4
{[%clk 1:08:35]} Ne5 {[%clk 1:12:56]} 10. Be4 {[%clk 0:49:01]} Be7
{[%clk 1:00:34]} 11. Re1 {[%clk 0:48:55]} Ng6 {[%clk 0:57:26]} 12. Nd2
{[%clk 0:39:38]} Nf6 {[%clk 0:55:10]} 13. Qc2 {[%clk 0:27:29]} Nxe4
{[%clk 0:54:48]} 14. Qxe4 {[%clk 0:27:22]} O-O {[%clk 0:52:51]} 15. N2f3
{[%clk 0:25:30]} Qd5 {[%clk 0:45:51]} 16. Qxd5 {[%clk 0:24:34]} exd5
{[%clk 0:46:20]} 17. Be3 {[%clk 0:22:50]} Bd7 {[%clk 0:42:04]} 18. Rad1
{[%clk 0:22:26]} Bf6 {[%clk 0:41:43]} 19. Rd2 {[%clk 0:18:07]} a5
{[%clk 0:40:54]} 20. Nb3 {[%clk 0:16:23]} Bc6 {[%clk 0:39:11]} 21. Nc5
{[%clk 0:14:59]} Rfe8 {[%clk 0:38:10]} 22. Red1 {[%clk 0:14:14]} h6
{[%clk 0:36:55]} 23. h3 {[%clk 0:12:48]} Rac8 {[%clk 0:35:32]} 24. Re1
{[%clk 0:08:52]} Rcd8 {[%clk 0:33:56]} 25. Nd3 {[%clk 0:08:22]} d4
{[%clk 0:33:24]} 26. Nxd4 {[%clk 0:07:48]} Bxd4 {[%clk 0:32:59]} 27. Bxd4
{[%clk 0:05:58]} Rxe1+ {[%clk 0:33:09]} 28. Nxe1 {[%clk 0:06:27]} Ne5
{[%clk 0:33:11]} 29. Be3 {[%clk 0:05:07]} Re8 {[%clk 0:33:17]} 30. b3
{[%clk 0:04:43]} a4 {[%clk 0:31:52]} 31. Nc2 {[%clk 0:04:28]} axb3 32. axb3 Ra8
{[%clk 0:31:07]} 33. Nd4 {[%clk 0:04:31]} Be4 {[%clk 0:30:25]} 34. f3
{[%clk 0:03:46]} Bg6 {[%clk 0:30:15]} 35. f4 {[%clk 0:03:54]} Ra1+
{[%clk 0:29:53]} 36. Kh2 {[%clk 0:04:04]} Nc6 {[%clk 0:29:00]} 37. f5
{[%clk 0:04:03]} Nxd4 {[%clk 0:28:36]} 38. fxg6 {[%clk 0:04:18]} Nc6
{[%clk 0:28:43]} 39. gxf7+ {[%clk 0:04:40]} Kxf7 {[%clk 0:28:55]} 40. Rd7+
{[%clk 0:05:05]} 1-0

[Event "PMPJ 2022 - C17"]
[Site "Jastrzebia Gora"]
[Date "2022.11.10"]
[Round "7.16"]
[White "Hury, Tymoteusz"]
[Black "Szafranski, Maciej"]
[Result "0-1"]
[BlackElo "1511"]
[WhiteElo "1710"]
[LiveChessVersion "1.4.8"]

1. e4 {[%clk 1:30:59]} c5 {[%clk 1:30:48]} 2. Nc3 {[%clk 1:31:06]} e6
{[%clk 1:30:37]} 3. f4 {[%clk 1:30:14]} d5 {[%clk 1:30:42]} 4. Nf3
{[%clk 1:28:41]} a6 {[%clk 1:29:45]} 5. a4 {[%clk 1:23:32]} b6 {[%clk 1:28:15]}
6. d3 {[%clk 1:13:36]} Bb7 {[%clk 1:24:06]} 7. e5 {[%clk 1:08:48]} Ne7
{[%clk 1:22:31]} 8. g3 {[%clk 1:03:50]} Nbc6 {[%clk 1:19:56]} 9. Bg2
{[%clk 1:03:13]} Nf5 {[%clk 1:20:12]} 10. O-O {[%clk 0:59:23]} Be7
{[%clk 1:15:19]} 11. Kh1 {[%clk 0:42:30]} Qc7 {[%clk 1:08:42]} 12. Qe1
{[%clk 0:29:30]} Nfd4 {[%clk 1:06:41]} 13. Rf2 {[%clk 0:27:19]} O-O
{[%clk 1:01:48]} 14. Qd1 {[%clk 0:16:13]} b5 {[%clk 0:57:45]} 15. Ne2
{[%clk 0:14:21]} Nxf3 {[%clk 0:57:16]} 16. Rxf3 {[%clk 0:13:21]} d4
{[%clk 0:55:22]} 17. Rf1 {[%clk 0:12:50]} Rfd8 {[%clk 0:54:01]} 18. Ng1
{[%clk 0:09:33]} c4 {[%clk 0:50:39]} 19. Bd2 {[%clk 0:04:15]} cxd3
{[%clk 0:42:16]} 20. cxd3 {[%clk 0:04:38]} Bb4 {[%clk 0:41:31]} 21. Nf3
{[%clk 0:01:28]} bxa4 {[%clk 0:39:30]} 22. Rxa4 {[%clk 0:00:43]} a5
{[%clk 0:39:38]} 23. Ng5 {[%clk 0:00:41]} h6 {[%clk 0:39:36]} 24. Ne4
{[%clk 0:01:01]} Ba6 {[%clk 0:38:54]} 25. Qb3 {[%clk 0:00:35]} Bxd2
{[%clk 0:38:37]} 26. Nxd2 {[%clk 0:00:58]} Rab8 {[%clk 0:35:39]} 27. Qc2
{[%clk 0:01:05]} Bb5 {[%clk 0:36:06]} 28. Raa1 {[%clk 0:01:01]} Qb6
{[%clk 0:36:31]} 29. Nc4 {[%clk 0:00:43]} Qc5 {[%clk 0:34:41]} 30. Rfc1
{[%clk 0:00:37]} Nb4 {[%clk 0:29:36]} 31. Qd2 {[%clk 0:00:35]} Bxc4
{[%clk 0:29:48]} 32. Rxc4 {[%clk 0:00:38]} Qb6 {[%clk 0:29:20]} 33. Be4
{[%clk 0:00:34]} Nd5 {[%clk 0:28:03]} 34. Bxd5 {[%clk 0:00:38]} Rxd5
{[%clk 0:28:28]} 35. Ra2 {[%clk 0:00:37]} Qb3 {[%clk 0:27:42]} 36. Rca4
{[%clk 0:00:35]} Rc5 {[%clk 0:27:42]} 37. R4a3 {[%clk 0:00:36]} Qd5+
{[%clk 0:28:03]} 38. Kg1 {[%clk 0:00:53]} Rbc8 {[%clk 0:28:16]} 39. b3
{[%clk 0:00:52]} Rc1+ {[%clk 0:28:30]} 40. Kf2 {[%clk 0:01:16]} Qh1 0-1

[Event "PMPJ 2022 - C17"]
[Site "Jastrzebia Gora"]
[Date "2022.11.10"]
[Round "7.17"]
[White "Ullrich, Karol"]
[Black "Komisarski, Jerzy"]
[Result "1/2-1/2"]
[BlackElo "1397"]
[WhiteElo "1848"]
[LiveChessVersion "1.4.8"]

1. e4 c5 2. Nf3 e6 3. d4 cxd4 4. Nxd4 Nf6 5. Nc3 Nc6 6. Ndb5 Bb4 7. Nd6+ Ke7 8.
Bf4 e5 9. Nf5+ Kf8 10. Bg5 d5 11. Bxf6 gxf6 12. Qxd5 Qxd5 13. exd5 Bxf5 14. dxc6
bxc6 15. O-O-O Be6 16. Rd3 Ke7 17. a3 Bc5 18. Ne4 Bd4 19. Rf3 f5 20. Ng5 Bd5 21.
Rxf5 f6 22. c3 Bb6 23. c4 Be6 24. Nxe6 Kxe6 25. Bd3 a5 26. Kc2 Bd4 27. f4 Rab8
28. b3 Rb7 29. fxe5 Bxe5 30. Rf3 Rg8 31. g3 Rgb8 32. Be4 Kd6 33. Rd1+ Kc5 34.
Rdd3 Re7 35. Rf5 Kb6 36. Rh5 Rbb7 37. c5+ Ka7 38. Rh4 Rb5 39. Rxh7 Rxc5+ 40. Kd2
Rxh7 41. Bxh7 Bb2 42. Rd7+ Kb6 43. a4 Rh5 44. h4 Be5 45. Bg6 Rh6 46. h5 Bxg3 47.
Rh7 Rxh7 48. Bxh7 Kc5 49. Ke3 Kd6 50. Kf3 Be1 51. Kf4 Ke7 52. Kf5 Kf7 53. h6 Bc3
54. Bg6+ Kg8 1/2-1/2

[Event "PMPJ 2022 - C17"]
[Site "Jastrzebia Gora"]
[Date "2022.11.10"]
[Round "7.18"]
[White "Mikula, Maciej"]
[Black "Ochalik, Filip"]
[Result "0-1"]
[BlackElo "1448"]
[WhiteElo "1748"]
[LiveChessVersion "1.4.8"]

1. d4 {[%clk 1:30:55]} Nf6 {[%clk 1:30:30]} 2. Nf3 {[%clk 1:30:57]} d5
{[%clk 1:30:29]} 3. e3 {[%clk 1:30:48]} Bg4 {[%clk 1:26:55]} 4. h3
{[%clk 1:30:16]} Bh5 {[%clk 1:27:20]} 5. c4 {[%clk 1:29:32]} c6 {[%clk 1:26:36]}
6. Nc3 {[%clk 1:19:04]} e6 {[%clk 1:26:31]} 7. a3 {[%clk 1:19:18]} a5
{[%clk 1:25:08]} 8. c5 {[%clk 1:14:23]} Nbd7 {[%clk 1:23:53]} 9. Be2
{[%clk 1:13:33]} Be7 {[%clk 1:18:23]} 10. O-O {[%clk 1:11:48]} O-O
{[%clk 1:17:27]} 11. Bd2 {[%clk 1:07:17]} Qc7 {[%clk 1:10:06]} 12. b4
{[%clk 0:48:59]} axb4 {[%clk 1:07:31]} 13. axb4 {[%clk 0:49:10]} b5
{[%clk 1:00:49]} 14. Nh4 {[%clk 0:43:49]} Bxe2 {[%clk 0:56:46]} 15. Qxe2
{[%clk 0:43:38]} Ne4 {[%clk 0:55:20]} 16. Nf3 {[%clk 0:43:23]} f5
{[%clk 0:50:03]} 17. Nh2 {[%clk 0:26:05]} Ndf6 {[%clk 0:45:43]} 18. Nxe4
{[%clk 0:19:13]} Nxe4 {[%clk 0:44:43]} 19. Nf3 {[%clk 0:19:21]} Bf6
{[%clk 0:41:23]} 20. Ra5 {[%clk 0:17:30]} Rxa5 {[%clk 0:26:43]} 21. bxa5
{[%clk 0:17:59]} g5 {[%clk 0:26:56]} 22. Ne1 {[%clk 0:15:54]} Nxd2
{[%clk 0:24:52]} 23. Qxd2 {[%clk 0:16:18]} Ra8 {[%clk 0:25:05]} 24. Nd3
{[%clk 0:15:48]} Rxa5 {[%clk 0:24:48]} 25. f4 {[%clk 0:15:10]} Ra3
{[%clk 0:23:24]} 26. Qe2 {[%clk 0:07:12]} Qg7 {[%clk 0:16:03]} 27. fxg5
{[%clk 0:03:50]} Bxg5 {[%clk 0:15:26]} 28. Nf4 {[%clk 0:03:29]} Bxf4
{[%clk 0:15:10]} 29. Rxf4 {[%clk 0:01:20]} Qg3 {[%clk 0:15:25]} 30. Qh5
{[%clk 0:01:00]} Qxe3+ {[%clk 0:10:18]} 31. Rf2 {[%clk 0:01:16]} Ra8
{[%clk 0:10:37]} 32. Kh2 {[%clk 0:01:00]} Qxd4 {[%clk 0:08:05]} 33. Qg5+
{[%clk 0:00:37]} Qg7 {[%clk 0:08:26]} 34. Qe3 {[%clk 0:00:55]} Qf6
{[%clk 0:08:10]} 35. Qg3+ {[%clk 0:01:01]} Kh8 {[%clk 0:08:10]} 36. Qd6
{[%clk 0:01:06]} Rg8 {[%clk 0:08:21]} 37. Re2 {[%clk 0:01:04]} b4
{[%clk 0:07:17]} 38. Rxe6 {[%clk 0:01:19]} Qb2 {[%clk 0:07:11]} 39. Re2
{[%clk 0:01:48]} Qc3 {[%clk 0:06:33]} 40. Qxc6 {[%clk 0:01:42]} b3
{[%clk 0:06:28]} 41. Qxd5 {[%clk 0:01:32]} b2 {[%clk 0:06:16]} 42. Qxf5
{[%clk 0:01:17]} Qg3+ {[%clk 0:05:14]} 43. Kh1 {[%clk 0:01:18]} Qg7
{[%clk 0:05:12]} 44. Qb1 {[%clk 0:00:57]} Rb8 {[%clk 0:05:31]} 45. c6
{[%clk 0:01:04]} Qc3 {[%clk 0:05:26]} 46. Rc2 {[%clk 0:00:57]} Qxc2
{[%clk 0:05:48]} 47. Qxc2 {[%clk 0:01:02]} b1=Q+ {[%clk 0:06:13]} 48. Qxb1
{[%clk 0:01:25]} Rxb1+ {[%clk 0:06:39]} 49. Kh2 {[%clk 0:01:50]} Rc1
{[%clk 0:07:05]} 0-1

[Event "PMPJ 2022 - C17"]
[Site "Jastrzebia Gora"]
[Date "2022.11.10"]
[Round "7.19"]
[White "Jedrzejczak, Michal"]
[Black "Bekier, Piotr"]
[Result "1-0"]
[BlackElo "1548"]
[WhiteElo "1503"]
[LiveChessVersion "1.4.8"]

1. d4 d5 2. c4 c6 3. Nc3 e5 4. dxe5 d4 5. Ne4 Qa5+ 6. Bd2 Qxe5 7. Ng3 Qc7 8. Nf3
c5 9. e3 dxe3 10. Bxe3 Nf6 11. Be2 Bd6 12. O-O O-O 13. Qc2 Nc6 14. Ne4 Bf5 15.
Nxf6+ gxf6 16. Qxf5 Rfe8 17. Bd3 Ne5 18. Nxe5 Bxe5 19. Bh6 1-0